02159nam a2200301 a 45000010008000000030004000080050017000120080041000290200018000700400030000880430012001180820013001301000030001432400038001732450041002112600055002523000029003074900034003365001033003706000029014036000064014326500023014969420015015199490020015349990017015549520143015719520143017141540329OSt20210921155614.0160929s2014 ck gr 00011dspa d a9789584237934 aCO-BoBLA bspa cCO-BqBPB as-ck---04aJNbSERd1 aSerrano, Enrique, d1960-10aSantander-Bibliografía regional13aLa diosa mortal / cEnrique Serrano. aBogotá : bEditorial Planeta Colombiana, c2014. a270 páginas ; c22 cm. aSeix Barral. Biblioteca breve aVuelve uno de los escritores de novela histórica más prestigiosos de Colombia. Esta vez nos trae una novela sobre Livia, la poderosa esposa del emperador Augusto, madre de Tiberio, abuela de Claudio, bisabuela de Calígula Livia fue el poder tras el poder. Su personalidad ha sido objeto de curiosidad de historiadores, cineastas y escritores, entre ellos del gran Robert Graves, quien la inmortalizó en su exitosa novela Yo, Claudio, que después tuvo una serie de televisión. Livia tuvo una vida signada por el equívoco: acompañó a grandes hombres, estuvo en una época decisiva, y dejó huellas espirituales que marcaron los siglos. La diosa mortal lleva al lector a la época del Imperio romano para reconstruir la vida de una mujer muy poderosa, polémica, y por lo mismo, fascinante, a través de las voces de amigos y enemigos, de mujeres y hombres, de jóvenes y viejos, que darán al lector una oportunidad de conocer al ser humano total que fue Livia Drusila, al margen de su conocida crueldad.04aLivia, d55-29v Novela.04aClaudio, cEmperador de Roma, d10 a. de J. C.-54v Novela. 4aNovela colombiana. 2ddccBKLIT an bn c13843d13843 00102ddc40708LJaBPMOSbBPMOSd2021-09-21eCOMPRAl1oJN SERdpMOS501717r2022-11-11s2022-10-27tej 1w2021-09-21yBKLITzQuince dias 00102ddc40708LJaBPMOSbBPMOSd2021-09-21eCOMPRAl1oJN SERdpMOS501718r2021-11-12s2021-11-04tej 2w2021-09-21yBKLITzQuince dias